পূর্ব বাঙলার ভাষা আন্দোলন ও তৎকালীন রাজনীতি : (Record no. 254304)
[ view plain ]
| 000 -LEADER | |
|---|---|
| fixed length control field | 00857nam a22002057a 4500 |
| 003 - CONTROL NUMBER IDENTIFIER | |
| control field | BD-DhUL |
| 005 - DATE AND TIME OF LATEST TRANSACTION | |
| control field | 20210825111112.0 |
| 008 - FIXED-LENGTH DATA ELEMENTS--GENERAL INFORMATION | |
| fixed length control field | 160118s1979 bg ||||| |||| 001 0 ben u |
| 040 ## - CATALOGING SOURCE | |
| Original cataloging agency | BD-DhUL |
| Transcribing agency | BD-DhUL |
| 082 #0 - DEWEY DECIMAL CLASSIFICATION NUMBER | |
| Classification number | 954.92 |
| Item number | UMP |
| 100 1# - MAIN ENTRY--PERSONAL NAME | |
| Personal name | ওমর, বদরুদ্দীন। |
| 245 10 - TITLE STATEMENT | |
| Title | পূর্ব বাঙলার ভাষা আন্দোলন ও তৎকালীন রাজনীতি : |
| Remainder of title | ১ম খণ্ড / |
| Statement of responsibility, etc. | বদরুদ্দীন ওমর। |
| 250 ## - EDITION STATEMENT | |
| Edition statement | ২য় পরিবর্তিত সংস্ক. |
| 260 ## - PUBLICATION, DISTRIBUTION, ETC. (IMPRINT) | |
| Place of publication, distribution, etc. | ঢাকা : |
| Name of publisher, distributor, etc. | সুবর্ণ, |
| Date of publication, distribution, etc. | ১৯৭৯। |
| 300 ## - PHYSICAL DESCRIPTION | |
| Extent | খ. ; |
| Dimensions | ২১ সেমি. |
| 504 ## - BIBLIOGRAPHY, ETC. NOTE | |
| Bibliography, etc | নির্ঘন্ট সংবলিত। |
| 651 #4 - SUBJECT ADDED ENTRY--GEOGRAPHIC NAME | |
| Geographic name | বাংলাদেশ - ইতিহাস |
| 651 #4 - SUBJECT ADDED ENTRY--GEOGRAPHIC NAME | |
| Geographic name | Bangladesh - History |
| 942 ## - ADDED ENTRY ELEMENTS (KOHA) | |
| Source of classification or shelving scheme | |
| Koha item type | Books |
| Price effective from | Date last seen | Permanent Location | Not for loan | Date acquired | Source of classification or shelving scheme | Koha item type | Lost status | Withdrawn status | Source of acquisition | Collection code | Damaged status | Shelving location | Barcode | Current Location | Full call number |
|---|---|---|---|---|---|---|---|---|---|---|---|---|---|---|---|
| 2017-05-11 | 2017-05-11 | Dhaka University Library | Not For Loan | 2017-05-11 | Books | Gift | Non Fiction | Dr. Aftab Ahmed Collection | 429995 | Dhaka University Library | 954.92 UMP |
